Hunting a career; (Record no. 36688)

MARC details
000 -LEADER
fixed length control field 00906cam a22002651 4500
001 - CONTROL NUMBER
control field l 50000067
003 - CONTROL NUMBER IDENTIFIER
control field DLC
005 - DATE AND TIME OF LATEST TRANSACTION
control field 20260227111542.0
008 - FIXED-LENGTH DATA ELEMENTS--GENERAL INFORMATION
fixed length control field 840608s1949 dcuak f000 0 eng
010 ## - LIBRARY OF CONGRESS CONTROL NUMBER
LC control number l 50000067
035 ## - SYSTEM CONTROL NUMBER
System control number (OCoLC)21726155
040 ## - CATALOGING SOURCE
Original cataloging agency DLC
Transcribing agency CU
Modifying agency OCoLC
-- DLC
043 ## - GEOGRAPHIC AREA CODE
Geographic area code n-us-ky
050 00 - LIBRARY OF CONGRESS CALL NUMBER
Classification number HD6250.U5
Item number L65
100 1# - MAIN ENTRY--PERSONAL NAME
Personal name Keeler, Miriam.
245 00 - TITLE STATEMENT
Title Hunting a career;
Remainder of title a study of out-of-school youth, Louisville, Kentucky.
260 ## - PUBLICATION, DISTRIBUTION, ETC.
Place of publication, distribution, etc. Washington
Name of publisher, distributor, etc. [U.S. Govt. Print. Off.]
Date of publication, distribution, etc. 1949.
300 ## - PHYSICAL DESCRIPTION
Extent ix, 117 p.
Other physical details illus., forms.
Dimensions 24 cm.
490 1# - SERIES STATEMENT
Series statement United States. Bureau of Labor Standards. Bulletin ;
Volume/sequential designation no. 115
650 #0 - SUBJECT ADDED ENTRY--TOPICAL TERM
Topical term or geographic name entry element Child labor
Geographic subdivision Kentucky
-- Louisville.
650 #0 - SUBJECT ADDED ENTRY--TOPICAL TERM
Topical term or geographic name entry element Youth
Geographic subdivision Kentucky
-- Louisville.
650 #0 - SUBJECT ADDED ENTRY--TOPICAL TERM
Topical term or geographic name entry element Unemployed
Geographic subdivision Kentucky
-- Louisville.
700 1# - ADDED ENTRY--PERSONAL NAME
Personal name Legg, Caroline Ella,
Dates associated with a name 1887-
830 #0 - SERIES ADDED ENTRY--UNIFORM TITLE
Uniform title Bulletin (United States. Bureau of Labor Standards) ;
Volume/sequential designation 115.

No items available.

Powered by Koha